[Event "AUTO-OPEN-3190"]
[Site "http://www.queenalice.com/game.php?id=1257326"]
[Date "2014.2.16"]
[Round "1"]
[White "ataan"]
[Black "Severynnas"]
[Result "1-0"]
[WhiteElo "1100"]
[BlackElo "1562"]

1. d4 f5 2. g4 fxg4 3. h3 gxh3 4. Nxh3 Nf6 5. Nc3 d5 6. Qd3 Nc6 7. Bf4 e6 8. Bg2
Nb4 9. Qd2 Bd6 10. a3 O-O 11. Bxd6 cxd6 12. axb4 e5 13. Nxd5 Nxd5 14. Bxd5+ Kh8
15. Ng5 Rb8 16. Rxh7# 1-0

[Event "AUTO-OPEN-3190"]
[Site "http://www.queenalice.com/game.php?id=1257355"]
[Date "2014.2.16"]
[Round "1"]
[White "ataan"]
[Black "duschgel"]
[Result "1-0"]
[WhiteElo "1100"]
[BlackElo "1966"]

1. d4 Nf6 2. Nc3 d5 3. Bg5 Ne4 4. Nxe4 dxe4 5. e3 h6 6. Bh4 c5 7. dxc5 Qa5+ 8.
c3 Qxc5 9. Qa4+ Bd7 10. Qxe4 Bc6 11. Qd4 Nd7 12. Qxc5 Nxc5 13. O-O-O g5 14. Bg3
Bg7 15. Nf3 O-O 16. Nd4 Ne4 17. Nxc6 bxc6 18. Rd7 h5 19. Rxe7 h4 20. Rxe4 hxg3
21. hxg3 Rab8 22. Bc4 Rb7 23. Bb3 Bf6 24. Rd1 Kg7 25. Rc4 Rb6 26. Rd7 a6 27. Rc5
Kg6 28. Bc4 Be5 29. Rxe5 f6 30. Ree7 c5 31. g4 f5 32. Bd3 Kf6 33. gxf5 Rc6 34.
e4 c4 35. e5# 1-0

[Event "AUTO-OPEN-3190"]
[Site "http://www.queenalice.com/game.php?id=1257356"]
[Date "2014.2.16"]
[Round "1"]
[White "duschgel"]
[Black "ataan"]
[Result "0-1"]
[WhiteElo "1924"]
[BlackElo "1100"]

1. c4 f5 2. g3 Nf6 3. Bg2 e6 4. Nc3 d5 5. Nf3 c6 6. cxd5 exd5 7. O-O Bd6 8. a3
O-O 9. b4 a6 10. Bb2 Nbd7 11. Rc1 Ne4 12. d3 Nxc3 13. Bxc3 Nf6 14. Nd4 Qe8 15.
Nb3 f4 16. Bd2 Qg6 17. Nc5 Ng4 18. h3 Nh2 19. Kxh2 fxg3+ 20. Kg1 gxf2+ 21. Rxf2
Rxf2 22. Kxf2 Qg3+ 23. Kf1 Bxh3 24. Bxh3 Rf8+ 25. Bf4 Rxf4# 0-1

[Event "AUTO-OPEN-3190"]
[Site "http://www.queenalice.com/game.php?id=1257357"]
[Date "2014.2.16"]
[Round "1"]
[White "ataan"]
[Black "BossHaar"]
[Result "1-0"]
[WhiteElo "1100"]
[BlackElo "2097"]

1. d4 d5 2. Nc3 Nf6 3. Bg5 Nbd7 4. f3 h6 5. Bh4 e6 6. e4 dxe4 7. fxe4 Be7 8. Nf3
Nxe4 9. Bxe7 Nxc3 10. Bxd8 Nxd1 11. Bxc7 Nxb2 12. Rb1 Nc4 13. Bxc4 O-O 14. O-O
b6 15. Ne5 Nxe5 16. Bxe5 Bb7 17. Rbd1 Rac8 18. Bb3 b5 19. a4 a6 20. axb5 axb5
21. Ra1 Bd5 22. Bxd5 exd5 23. Rf2 Ra8 24. Rxa8 Rxa8 25. g3 Rc8 26. Bd6 Rc4 27.
Bc5 f6 28. Re2 h5 29. Kf2 Kh7 30. Ke3 g5 31. Kd3 Kg6 32. Re6 b4 33. Rb6 Rc3+ 34.
Kd2 Rf3 35. Ke2 Rc3 36. Kd1 Rf3 37. Bxb4 Rf1+ 38. Be1 g4 39. Rb5 Rh1 40. Rxd5
Rxh2 41. c4 1-0

[Event "AUTO-OPEN-3190"]
[Site "http://www.queenalice.com/game.php?id=1257358"]
[Date "2014.2.16"]
[Round "1"]
[White "BossHaar"]
[Black "ataan"]
[Result "0-1"]
[WhiteElo "2101"]
[BlackElo "1100"]

1. e4 e5 2. f4 Bc5 3. Nf3 d6 4. d4 exd4 5. Nxd4 Nf6 6. Nc3 Qe7 7. Qd3 O-O 8. Bd2
Na6 9. a3 Re8 10. O-O-O Bb6 11. Nf5 Bxf5 12. exf5 Nc5 13. Qf3 Nce4 14. Be1 Nxc3
15. Bxc3 Qe3+ 16. Qxe3 Bxe3+ 17. Kb1 Ne4 18. Be1 Bxf4 19. Bc4 c6 20. g3 Be5 21.
c3 d5 22. Bb3 Bf6 23. g4 a5 24. h4 a4 25. Bc2 h6 26. Bd2 Nf2 27. g5 hxg5 28.
hxg5 Be5 29. f6 Nxd1 30. Bh7+ Kf8 31. Rxd1 gxf6 32. g6 fxg6 33. Bxg6 Red8 34.
Bh6+ Ke7 35. Bf5 Rh8 36. Be3 Rag8 37. Bc5+ Kf7 38. Be3 Rh2 39. Bd3 Rgg2 40. Bc1
Ke7 41. Bf5 b5 42. Bc8 Rf2 0-1

[Event "AUTO-OPEN-3193"]
[Site "http://www.queenalice.com/game.php?id=1258278"]
[Date "2014.2.20"]
[Round "1"]
[White "SpongeBob"]
[Black "ataan"]
[Result "0-1"]
[WhiteElo "2127"]
[BlackElo "1100"]

1. c4 f5 2. g3 Nf6 3. Bg2 e6 4. d4 d5 5. Nf3 c6 6. b3 Bd6 7. O-O Qe7 8. Nc3 O-O
9. Bb2 b6 10. Ne5 Bb7 11. Qc2 Nbd7 12. Nf3 Ne4 13. Nd2 Ndf6 14. f3 Nxc3 15. Bxc3
f4 16. g4 e5 17. Rae1 exd4 18. Bxd4 c5 19. Bxf6 Qxf6 20. cxd5 Bxd5 21. Nc4 Bxc4
22. Qxc4+ Kh8 23. e4 fxe3 24. Rxe3 Bxh2+ 25. Kf2 Qh4+ 26. Ke2 Qg3 27. Bh1 Bg1
28. Re7 Qh2+ 29. Ke1 Qh4+ 30. Kd1 Qxe7 31. f4 Rad8+ 32. Kc2 Qe3 0-1

[Event "AUTO-OPEN-3193"]
[Site "http://www.queenalice.com/game.php?id=1258279"]
[Date "2014.2.20"]
[Round "1"]
[White "ataan"]
[Black "SpongeBob"]
[Result "1-0"]
[WhiteElo "1100"]
[BlackElo "2127"]

1. e4 c5 2. d4 cxd4 3. c3 d3 4. c4 Nf6 5. Nc3 Nc6 6. Nf3 d6 7. Bxd3 g6 8. h3 Bg7
9. O-O O-O 10. Be3 Nd7 11. Qd2 Nde5 12. Nxe5 Nxe5 13. Be2 Be6 14. Nd5 b6 15. f4
Nd7 16. f5 Bxd5 17. exd5 Rc8 18. Rac1 Nc5 19. Bh6 Ne4 20. Qe3 Ng3 21. Bxg7 Nxe2+
22. Qxe2 Kxg7 23. Rce1 Re8 24. Qe4 Qc7 25. b3 Qc5+ 26. Kh1 b5 27. fxg6 hxg6 28.
Qh4 Rc7 29. Rxf7+ Kxf7 30. Qh7+ Kf6 31. Re6+ Kg5 32. Qxg6+ 1-0

[Event "AUTO-OPEN-3193"]
[Site "http://www.queenalice.com/game.php?id=1258298"]
[Date "2014.2.20"]
[Round "1"]
[White "ataan"]
[Black "Piritubachess"]
[Result "1-0"]
[WhiteElo "1100"]
[BlackElo "2039"]

1. d4 d5 2. Nc3 Nf6 3. Bg5 c6 4. f3 h6 5. Bh4 Qb6 6. Qd2 Qxb2 7. Rb1 Qa3 8. e4
e6 9. Bd3 Qa5 10. Nge2 Be7 11. O-O dxe4 12. fxe4 e5 13. dxe5 Qxe5 14. Bg3 Qc5+
15. Kh1 O-O 16. e5 Nh5 17. Bf2 Qxe5 18. Bd4 Qg5 19. Be3 Qh4 20. Bf2 Qg4 21. h3
Qd7 22. Be3 Nf6 23. Bxh6 gxh6 24. Qxh6 Qxd3 25. cxd3 Nh7 26. Ne4 Be6 27. Nf4 Nd7
28. Nh5 1-0

[Event "AUTO-OPEN-3193"]
[Site "http://www.queenalice.com/game.php?id=1258299"]
[Date "2014.2.20"]
[Round "1"]
[White "Piritubachess"]
[Black "ataan"]
[Result "1/2-1/2"]
[WhiteElo "2037"]
[BlackElo "1100"]

1. e4 e5 2. Nf3 Nc6 3. Bc4 Bc5 4. Nc3 a6 5. O-O d6 6. Nd5 Nf6 7. c3 Ba7 8. d4
O-O 9. Bg5 exd4 10. Nxd4 Re8 11. Bxf6 gxf6 12. Nxc6 bxc6 13. Nb4 Bd7 14. Qh5 Qe7
15. Bxa6 Qe5 16. Qxe5 Rxe5 17. Bd3 Kg7 18. Rfe1 Bb6 19. Kf1 Rh5 20. h3 Rha5 21.
a3 Bc5 22. Nc2 R5a7 23. b4 Bb6 24. Be2 Be6 25. Bh5 Bb3 26. Rec1 Bxc2 27. Rxc2
Rxa3 28. Rxa3 Rxa3 29. Bg4 c5 30. Bd7 cxb4 31. cxb4 Rb3 32. b5 Ra3 33. g3 Kf8
34. Kg2 Ke7 35. Bc6 Bc5 36. f3 Bb6 37. g4 Ke6 38. Kg3 Ke7 39. h4 Be3 40. h5 h6
41. Bd5 Bc5 42. Bc6 Rb3 43. Ra2 Ra3 44. Rxa3 Bxa3 45. Kh4 Bc1 46. Bb7 Kd7 47.
Bc6+ Ke7 48. Kg3 Ke6 49. f4 Ke7 50. Kf3 Bd2 51. f5 Bc1 52. Ke2 Bg5 53. Kd3 Kd8
54. Kc4 Be3 55. Kb4 Bb6 56. Kc4 Ke7 57. Bd5 Bc5 58. Bc6 Bb6 59. Kd5 Bc5 60. Kc4
Bb6 61. Kb4 Kf8 62. Bd5 Ke7 63. Kc4 Bc5 64. Bc6 1/2-1/2

[Event "AUTO-OPEN-3234"]
[Site "http://www.queenalice.com/game.php?id=1273844"]
[Date "2014.4.18"]
[Round "1"]
[White "rafael_100000"]
[Black "ataan"]
[Result "0-1"]
[WhiteElo "1808"]
[BlackElo "1100"]

1. e4 e6 2. d4 d5 3. e5 c5 4. Bb5+ Bd7 5. Bxd7+ Nxd7 6. Nf3 Qb6 7. dxc5 Bxc5 8.
O-O Ne7 9. b3 Ng6 10. Bb2 Rc8 11. Na3 O-O 12. Nb1 Qc7 13. Re1 Bb4 14. Re2 Nf4
15. Re3 Qxc2 16. Qxc2 Rxc2 17. Bc3 Bxc3 18. Nxc3 Rxc3 19. Rxc3 Ne2+ 20. Kf1 Nxc3
21. Nd4 Nb6 22. f4 Rc8 23. a4 Ne4 24. g4 a6 25. f5 Nd7 26. fxe6 fxe6 27. Nxe6
Nxe5 28. g5 Nd3 29. Rd1 Rc1 30. Rxc1 Nxc1 31. b4 Na2 0-1

[Event "AUTO-OPEN-3234"]
[Site "http://www.queenalice.com/game.php?id=1273845"]
[Date "2014.4.18"]
[Round "1"]
[White "ataan"]
[Black "rafael_100000"]
[Result "1-0"]
[WhiteElo "1100"]
[BlackElo "1808"]

1. d4 d5 2. Nc3 e6 3. e4 Bb4 4. e5 Ne7 5. Qg4 Nf5 6. Bd3 O-O 7. Bg5 Be7 8. Bxe7
Qxe7 9. O-O-O c5 10. Bxf5 exf5 11. Nxd5 fxg4 12. Nxe7+ Kh8 13. Nxc8 Rxc8 14.
dxc5 Nc6 15. f4 h6 16. Ne2 Nb4 17. a3 Na6 18. b4 Re8 19. Ng3 g6 20. Rd7 Rf8 21.
Rxb7 Nb8 22. Rd1 Nc6 23. Rdd7 Nd8 24. Rxa7 Rxa7 25. Rxa7 Nc6 26. Rd7 h5 27. Ne4
Nb8 28. Rd6 Kg7 29. b5 Re8 30. c6 Re7 31. Nf6 1-0

[Event "AUTO-OPEN-3234"]
[Site "http://www.queenalice.com/game.php?id=1273868"]
[Date "2014.4.18"]
[Round "1"]
[White "dksece"]
[Black "ataan"]
[Result "0-1"]
[WhiteElo "2144"]
[BlackElo "1100"]

1. b3 e5 2. Bb2 f6 3. e4 Ne7 4. Nf3 d5 5. exd5 Nxd5 6. Nc3 Nc6 7. Nxd5 Qxd5 8.
Bc4 Qe4+ 9. Be2 Be6 10. O-O O-O-O 11. d3 Qg6 12. Re1 Bc5 13. a4 Kb8 14. Bc1 h5
15. Be3 Bxe3 16. fxe3 e4 17. Nd2 Bh3 18. Bf1 exd3 19. cxd3 Nb4 0-1

[Event "AUTO-OPEN-3234"]
[Site "http://www.queenalice.com/game.php?id=1273869"]
[Date "2014.4.18"]
[Round "1"]
[White "ataan"]
[Black "dksece"]
[Result "1-0"]
[WhiteElo "1100"]
[BlackElo "2144"]

1. d4 Nf6 2. Nc3 d5 3. Bg5 c6 4. Qd3 Qa5 5. f3 Na6 6. a3 h6 7. Bf4 e6 8. e4 Nc7
9. e5 Nd7 10. Bd2 Qb6 11. Na4 Qb5 12. Qxb5 cxb5 13. Nc3 a6 14. f4 g6 15. Nf3 Nb6
16. b3 Be7 17. Bd3 Bd7 18. Kf2 Rc8 19. Nd1 O-O 20. Ne3 Bc6 21. g4 Nd7 22. f5 1-0

[Event "AUTO-OPEN-3234"]
[Site "http://www.queenalice.com/game.php?id=1273882"]
[Date "2014.4.18"]
[Round "1"]
[White "Betim_Xadrez"]
[Black "ataan"]
[Result "0-1"]
[WhiteElo "1754"]
[BlackElo "1100"]

1. e4 e6 2. d4 d5 3. e5 c5 4. c3 Nc6 5. Nf3 Bd7 6. Bb5 Qb6 7. a4 cxd4 8. cxd4 a6
9. Bxc6 bxc6 10. O-O c5 11. b3 cxd4 12. Nxd4 Bc5 13. Be3 Ne7 14. Nc3 Nc6 15.
Nxc6 Bxe3 16. fxe3 Qxe3+ 17. Kh1 Qxc3 18. Nd4 O-O 19. Rc1 Qa5 20. Qh5 Rac8 21.
Rxc8 Bxc8 22. Nc6 Qc7 23. Nd4 Bb7 24. Nf3 Qc2 25. Ng5 d4 26. Qh3 h6 27. Nf3 Bxf3
28. Qxf3 d3 29. Rd1 Rd8 30. Rf1 Qc7 31. b4 d2 32. Qh5 Qc1 33. Qd1 Qxd1 34. Rxd1
Rc8 35. h3 Rc1 36. Kg1 Rxd1+ 37. Kf2 Re1 0-1

[Event "AUTO-OPEN-3234"]
[Site "http://www.queenalice.com/game.php?id=1273883"]
[Date "2014.4.18"]
[Round "1"]
[White "ataan"]
[Black "Betim_Xadrez"]
[Result "1-0"]
[WhiteElo "1100"]
[BlackElo "1767"]

1. d4 Nf6 2. Nc3 d5 3. Bg5 e6 4. e4 Bb4 5. e5 h6 6. exf6 Bxc3+ 7. bxc3 hxg5 8.
fxg7 Rg8 9. Qh5 Qf6 10. h4 Qxg7 11. Qxg5 Nc6 12. Qxg7 Rxg7 13. h5 Bd7 14. h6 Rh7
15. Nf3 O-O-O 16. Bd3 f5 17. Ng5 Re7 18. f4 Rh8 19. O-O-O Nd8 20. Rh4 Nf7 21.
Nxf7 Rxf7 22. Rdh1 Rfh7 23. g4 Rf7 24. g5 Be8 25. g6 Rf6 26. g7 1-0

[Event "AUTO-OPEN-3190"]
[Site "http://www.queenalice.com/game.php?id=1299886"]
[Date "2014.8.7"]
[Round "2"]
[White "ataan"]
[Black "MarTraM"]
[Result "0-1"]
[WhiteElo "1154"]
[BlackElo "2455"]

1. d4 e6 2. e4 d5 3. exd5 exd5 4. Bd3 Nf6 5. Bg5 Be7 6. Nf3 O-O 7. O-O h6 8. Bh4
b6 9. Nbd2 c5 10. c3 c4 11. Bc2 Bg4 12. h3 Bxf3 13. Nxf3 Nc6 14. Re1 b5 15. Qd2
a5 16. Qf4 Nh5 17. Qf5 g6 18. Bxe7 Nxe7 19. Qe5 Nc6 20. Qe3 Qd6 21. Qxh6 Qf6 22.
Qg5 Qxg5 23. Nxg5 Nf4 24. g3 Nh5 25. Re2 a4 26. a3 Kg7 27. Rae1 Nf6 28. Nf3 Nd7
29. Kg2 Rh8 30. h4 Raf8 31. Ng5 Nf6 32. f4 Re8 33. Rxe8 Rxe8 34. Rxe8 Nxe8 35.
g4 Nd6 36. Kf3 Ne7 37. Ke3 f5 38. Kf3 Kf6 39. Kg3 fxg4 40. Kxg4 Nef5 41. Kf3
Nxh4+ 42. Kf2 Ndf5 0-1

[Event "AUTO-OPEN-3190"]
[Site "http://www.queenalice.com/game.php?id=1299887"]
[Date "2014.8.7"]
[Round "2"]
[White "MarTraM"]
[Black "ataan"]
[Result "1-0"]
[WhiteElo "2454"]
[BlackElo "1154"]

1. d4 e6 2. c4 Nf6 3. Nc3 Bb4 4. Nf3 Ne4 5. Bd2 Bxc3 6. Bxc3 Nxc3 7. bxc3 c5 8.
d5 O-O 9. e4 d6 10. Be2 e5 11. O-O f5 12. Nd2 f4 13. Nb3 Nd7 14. Nd2 Nf6 15. Qb3
Kh8 16. h3 Qe7 17. Rfb1 g5 18. a4 h5 19. f3 Kg7 20. a5 Rh8 21. Qd1 Kg6 22. Ra2
Qh7 23. Rab2 g4 24. Kf2 gxh3 25. gxh3 Kh6 26. h4 Qg7 27. Qg1 Rg8 28. Qxg7+ Rxg7
29. Rh1 Rb8 30. Nb1 Bd7 31. Na3 Nh7 32. Bf1 Nf8 33. Nb5 Bxb5 34. cxb5 Ng6 35. b6
a6 36. Rb1 Rbg8 37. Rd1 Nh8 38. Rh2 Rg3 39. Bh3 1-0

[Event "AUTO-OPEN-3234"]
[Site "http://www.queenalice.com/game.php?id=1316947"]
[Date "2014.10.21"]
[Round "2"]
[White "ataan"]
[Black "fontaine"]
[Result "0-1"]
[WhiteElo "1154"]
[BlackElo "2763"]

1. d4 d5 2. Nc3 Nf6 3. Bg5 Nbd7 4. f3 c5 5. dxc5 e6 6. e4 Bxc5 7. exd5 h6 8.
Bxf6 Nxf6 9. Ne4 Nxe4 10. fxe4 Qh4+ 0-1

[Event "AUTO-OPEN-3234"]
[Site "http://www.queenalice.com/game.php?id=1316948"]
[Date "2014.10.21"]
[Round "2"]
[White "fontaine"]
[Black "ataan"]
[Result "1-0"]
[WhiteElo "2764"]
[BlackElo "1154"]

1. e4 e6 2. Qe2 d5 3. exd5 Qxd5 4. Nc3 Qd8 5. Nf3 Nc6 6. d4 Nxd4 7. Nxd4 Qxd4 8.
Nb5 Qb6 9. Qe5 Kd8 10. Be3 Qc6 11. O-O-O+ Bd7 12. Nd4 Qd6 13. Nc6+ 1-0